[Event "Jastrzebia Gora Fianchetto op"]
[Site "Jastrzebia Gora"]
[Date "2014.??.??"]
[Round "8"]
[White "Grochol, Kamil"]
[Black "Prokopczuk, Antoni"]
[Result "1-0"]
[WhiteElo "1570"]
[BlackElo "1683"]
[PlyCount "111"]
[EventDate "2014.08.31"]
[EventType "swiss"]
[EventRounds "9"]
[EventCountry "POL"]
[SourceTitle "CBM 162 Extra"]
[Source "ChessBase"]
[SourceDate "2014.10.17"]
[SourceVersion "1"]
[SourceVersionDate "2014.10.17"]
[SourceQuality "1"]

1. e4 e5 2. Nf3 Nc6 3. Bc4 h6 4. d3 Nf6 5. Be3 Be7 6. Nc3 a6 7. h3 0-0 8. 0-0 d6 9. Re1 Na5 10. Bb3 Nxb3 11. axb3 Be6 12. Qe2 Nh7 13. Bd2 Ng5 14. Nxg5 Bxg5 15. Bxg5 Qxg5 16. Qe3 f5 17. Qxg5 hxg5 18. exf5 Bxf5 19. Nd5 Rf7 20. Ne3 g6 21. Ng4 Bxg4 22. hxg4 Raf8 23. f3 Kg7 24. Re4 Rf4 25. Rea4 R8f7 26. Re1 Kf8 27. Rae4 c5 28. Kf2 Ke7 29. Rh1 Ke6 30. Rh6 R4f6 31. Rh8 Kd5 32. c4+ Kc6 33. Rc8+ Kd7 34. Rb8 Kc6 35. Re8 Kb6 36. Ra8 Kc6 37. Re8 Kb6 38. Rc8 Ka7 39. Rd8 b5 40. Re2 Kb7 41. Ke1 Re7 42. Rg8 b4 43. Rd8 Kb6 44. Re4 Kc7 45. Rg8 Kb7 46. Kd2 Rd7 47. Kc2 Ka7 48. Re8 Rdf7 49. Rc8 Rh7 50. Rc6 a5 51. Rxe5 Rh2 52. Rexc5 Kb7 53. Rc7+ Kb8 54. Rc8+ Kb7 55. R8c7+ Kb6 56. R5c6# 1-0

[Event "Jastrzebia Gora Fianchetto op"]
[Site "Jastrzebia Gora"]
[Date "2014.??.??"]
[Round "1"]
[White "Koziel, Ryszard"]
[Black "Prokopczuk, Antoni"]
[Result "0-1"]
[WhiteElo "2025"]
[BlackElo "1683"]
[PlyCount "80"]
[EventDate "2014.08.31"]
[EventType "swiss"]
[EventRounds "9"]
[EventCountry "POL"]
[SourceTitle "CBM 162 Extra"]
[Source "ChessBase"]
[SourceDate "2014.10.17"]
[SourceVersion "1"]
[SourceVersionDate "2014.10.17"]
[SourceQuality "1"]

1. c4 c5 2. Nf3 Nf6 3. g3 e6 4. Bg2 Be7 5. 0-0 0-0 6. Nc3 Nc6 7. d4 cxd4 8. Nxd4 h6 9. a3 Nh7 10. Ndb5 d6 11. Bf4 e5 12. Be3 a6 13. Nxd6 Qxd6 14. Nd5 Bd8 15. c5 Qe6 16. b4 Nf6 17. Nc3 Bc7 18. Qc1 Nd4 19. Qb2 Rd8 20. Rfe1 Nf5 21. Bd2 e4 22. Rad1 Bd7 23. e3 Bc6 24. Bc1 Rxd1 25. Rxd1 Rd8 26. Rxd8+ Bxd8 27. Ne2 Qd7 28. Qc2 Qd3 29. Qb2 Qd1+ 30. Bf1 Bb5 31. Kg2 Bxe2 32. Bxe2 Qd7 33. Bc4 Bc7 34. Qb3 b5 35. Be2 Qd5 36. Qc2 h5 37. Bb2 Be5 38. Bc1 g5 39. h3 g4 40. h4 Ne7 0-1

[Event "Jastrzebia Gora Fianchetto op"]
[Site "Jastrzebia Gora"]
[Date "2014.??.??"]
[Round "6"]
[White "Solek, Zenon"]
[Black "Prokopczuk, Antoni"]
[Result "1-0"]
[WhiteElo "1839"]
[BlackElo "1683"]
[PlyCount "45"]
[EventDate "2014.08.31"]
[EventType "swiss"]
[EventRounds "9"]
[EventCountry "POL"]
[SourceTitle "CBM 162 Extra"]
[Source "ChessBase"]
[SourceDate "2014.10.17"]
[SourceVersion "1"]
[SourceVersionDate "2014.10.17"]
[SourceQuality "1"]

1. e4 e5 2. f4 d6 3. Nf3 exf4 4. Nc3 Be7 5. d4 Nf6 6. Bxf4 0-0 7. Bd3 h6 8. 0-0 Nh7 9. Qd2 Bg4 10. Rae1 Bg5 11. Nxg5 hxg5 12. Bg3 Bh5 13. e5 dxe5 14. dxe5 Nd7 15. Nd5 c6 16. e6 fxe6 17. Nc7 Rxf1+ 18. Rxf1 Rc8 19. Nxe6 Qb6+ 20. Bf2 Qxb2 21. Bxh7+ Kxh7 22. Qxd7 Rg8 23. Bd4 1-0

[Event "Rowy op 09"]
[Site "Rowy"]
[Date "2012.09.??"]
[Round "1"]
[White "Kiedrowicz, Jan"]
[Black "Prokopczuk, Antoni"]
[Result "1-0"]
[WhiteElo "2298"]
[BlackElo "1748"]
[PlyCount "73"]
[EventDate "2012.09.??"]
[EventType "swiss"]
[EventRounds "9"]
[EventCountry "POL"]
[SourceTitle "EXT 2014"]
[Source "ChessBase"]
[SourceDate "2013.11.20"]
[SourceVersion "1"]
[SourceVersionDate "2013.11.20"]
[SourceQuality "1"]

1. d4 Nf6 2. c4 e6 3. g3 c6 4. Bg2 Be7 5. e4 d6 6. Nc3 0-0 7. Nge2 h6 8. 0-0 e5 9. h3 Nh7 10. f4 exf4 11. gxf4 f5 12. e5 Na6 13. Be3 Nc7 14. d5 c5 15. Qd3 Qe8 16. Kh1 Kh8 17. Bf2 Rb8 18. Rae1 Qd8 19. Ng1 a6 20. Nf3 b5 21. exd6 Bxd6 22. Ne5 bxc4 23. Nxc4 Nb5 24. Na4 Nf6 25. Ne5 Bxe5 26. fxe5 Ne4 27. Nxc5 Nxf2+ 28. Rxf2 Qb6 29. b4 Nc7 30. Rf4 g5 31. Rd4 Nb5 32. d6 Nxd4 33. Qxd4 Be6 34. Nxe6 Qxd4 35. Nxd4 Rxb4 36. Nc6 f4 37. Nxb4 1-0

[Event "Rowy op 09"]
[Site "Rowy"]
[Date "2012.09.??"]
[Round "2"]
[White "Prokopczuk, Antoni"]
[Black "Woronowicz, Zbigniew"]
[Result "1-0"]
[WhiteElo "1748"]
[BlackElo "1554"]
[PlyCount "65"]
[EventDate "2012.09.??"]
[EventType "swiss"]
[EventRounds "9"]
[EventCountry "POL"]
[SourceTitle "EXT 2014"]
[Source "ChessBase"]
[SourceDate "2013.11.20"]
[SourceVersion "1"]
[SourceVersionDate "2013.11.20"]
[SourceQuality "1"]

1. d4 Nf6 2. c4 e6 3. Nc3 c6 4. e4 d5 5. e5 Nfd7 6. Bd3 Be7 7. Nge2 0-0 8. cxd5 cxd5 9. Qc2 f5 10. 0-0 a6 11. g3 Nc6 12. a3 Rb8 13. Rb1 Qe8 14. Be3 Qg6 15. Nf4 Qf7 16. Qe2 Re8 17. Ncxd5 Bd8 18. Nc3 Nf8 19. b4 b5 20. Bc2 Bb7 21. Nd3 Rc8 22. Nc5 Ng6 23. f4 Bb6 24. Nxb7 Qxb7 25. Qf3 Nf8 26. Bb3 a5 27. Rbc1 axb4 28. axb4 Qa8 29. Nxb5 Nxb4 30. Qe2 Nd5 31. Ra1 Qb8 32. Nd6 Bxd4 33. Bxd4 1-0

[Event "Rowy op 09"]
[Site "Rowy"]
[Date "2012.09.??"]
[Round "9"]
[White "Prokopczuk, Antoni"]
[Black "Zatylny, Jan"]
[Result "1-0"]
[WhiteElo "1748"]
[BlackElo "1614"]
[PlyCount "42"]
[EventDate "2012.09.??"]
[EventType "swiss"]
[EventRounds "9"]
[EventCountry "POL"]
[SourceTitle "EXT 2014"]
[Source "ChessBase"]
[SourceDate "2013.11.20"]
[SourceVersion "1"]
[SourceVersionDate "2013.11.20"]
[SourceQuality "1"]

1. Nf3 Nc6 2. c4 e5 3. Nc3 Nf6 4. d4 exd4 5. Nxd4 d6 6. e4 Be7 7. Be2 0-0 8. 0-0 Nd7 9. Nd5 Nxd4 10. Qxd4 Bf6 11. Nxf6+ Qxf6 12. Qd1 Qg6 13. Kh1 f5 14. f4 Nf6 15. exf5 Bxf5 16. b3 Bg4 17. Bf3 Bxf3 18. Qxf3 Qf5 19. Qxb7 Ng4 20. Qxc7 Rf6 21. Bb2 Rh6 1-0

[Event "Brandenburg-ch Seniors 17th"]
[Site "Rowy"]
[Date "2008.06.29"]
[Round "6"]
[White "Bakalarczyk, Wlodzimierz"]
[Black "Prokopczuk, Antoni"]
[Result "1-0"]
[WhiteElo "2056"]
[BlackElo "1814"]
[PlyCount "45"]
[EventDate "2008.06.23"]
[EventType "swiss"]
[EventRounds "9"]
[EventCountry "POL"]
[SourceTitle "EXT 2022"]
[Source "ChessBase"]
[SourceDate "2021.10.06"]
[SourceVersion "1"]
[SourceVersionDate "2021.10.06"]
[SourceQuality "1"]

1. d4 d5 2. c4 e6 3. Nc3 Nf6 4. Bg5 Be7 5. Nf3 h6 6. Bh4 a6 7. e3 g5 8. Bg3 Nh5 9. Bd3 dxc4 10. Bxc4 b5 11. Bd3 Bb7 12. e4 Nxg3 13. hxg3 g4 14. Ne5 h5 15. Nxg4 Nc6 16. Ne2 Bb4+ 17. Kf1 Qg5 18. Ne3 0-0 19. Nc2 Ba5 20. a4 b4 21. Rh4 b3 22. Ne3 Nxd4 23. Nxd4 1-0

[Event "Brandenburg-ch Seniors 17th"]
[Site "Rowy"]
[Date "2008.06.25"]
[Round "4"]
[White "Meinke, Dietlind"]
[Black "Prokopczuk, Antoni"]
[Result "1/2-1/2"]
[WhiteElo "1750"]
[BlackElo "1814"]
[PlyCount "120"]
[EventDate "2008.06.23"]
[EventType "swiss"]
[EventRounds "9"]
[EventCountry "POL"]
[SourceTitle "EXT 2022"]
[Source "ChessBase"]
[SourceDate "2021.10.06"]
[SourceVersion "1"]
[SourceVersionDate "2021.10.06"]
[SourceQuality "1"]

1. e4 e6 2. Nc3 d5 3. Nf3 d4 4. Ne2 c5 5. c3 dxc3 6. bxc3 Nf6 7. Ng3 Be7 8. Bb5+ Nfd7 9. 0-0 a6 10. Be2 Nc6 11. a4 0-0 12. d4 cxd4 13. cxd4 h6 14. Be3 f5 15. exf5 exf5 16. Bc4+ Kh8 17. Nh5 Nb6 18. Bb3 Nd5 19. Nf4 Nxf4 20. Bxf4 g5 21. Be5+ Nxe5 22. Nxe5 Kg7 23. Qh5 Qe8 24. Bf7 Qxf7 25. Nxf7 Rxf7 26. Rac1 b5 27. axb5 axb5 28. Rc6 Bf6 29. Rfc1 Bd7 30. Rd6 b4 31. Qf3 Rb8 32. Qb3 Rb7 33. h3 Be7 34. Ra6 Bf6 35. Rd1 Bb5 36. Ra2 Rfc7 37. Rc2 Rd7 38. Rcd2 Rdc7 39. Rb1 Bc4 40. Qf3 Kg6 41. g4 fxg4 42. hxg4 Re7 43. Qf5+ Kg7 44. Qc5 Be2 45. Rxb4 Rxb4 46. Qxb4 Bxg4 47. d5 h5 48. d6 Re1+ 49. Kg2 Bf5 50. d7 h4 51. Rd3 Re4 52. Qd6 h3+ 53. Rxh3 Bxh3+ 54. Kxh3 Rh4+ 55. Kg2 Rh8 56. Kf3 Rd8 57. Ke4 Kf7 58. Kd5 Rf8 59. Qe6+ Kg7 60. Kc6 Bc3 1/2-1/2

[Event "Brandenburg Seniors op 16th"]
[Site "Rowy"]
[Date "2007.06.26"]
[Round "8"]
[White "Kothe, Manfred"]
[Black "Prokopczuk, Antoni"]
[Result "1/2-1/2"]
[WhiteElo "1778"]
[BlackElo "1880"]
[PlyCount "42"]
[EventDate "2007.06.18"]
[EventType "swiss"]
[EventRounds "9"]
[EventCountry "POL"]
[SourceTitle "EXT 2011"]
[Source "ChessBase"]
[SourceDate "2010.11.26"]
[SourceVersion "1"]
[SourceVersionDate "2010.11.26"]
[SourceQuality "1"]

1. e4 e5 2. Nf3 Nc6 3. Bb5 Bc5 4. 0-0 Nge7 5. c3 0-0 6. d4 exd4 7. cxd4 Bb6 8. d5 Nb8 9. Bg5 f6 10. Bh4 d6 11. Nd4 Bxd4 12. Qxd4 a6 13. Bd3 Nd7 14. Nc3 Ne5 15. f4 Nxd3 16. Qxd3 Ng6 17. Bg3 f5 18. Rae1 fxe4 19. Nxe4 Bf5 20. Qd4 Bxe4 21. Rxe4 Qd7 1/2-1/2

[Event "POL-ch disabled"]
[Site "Chotowa"]
[Date "2007.05.30"]
[Round "8.17"]
[White "Januszewski, Kazimierz"]
[Black "Prokopczuk, Antoni"]
[Result "1-0"]
[WhiteElo "851"]
[BlackElo "1880"]
[PlyCount "78"]
[EventDate "2007.05.26"]
[EventType "swiss"]
[EventRounds "9"]
[EventCountry "POL"]
[SourceTitle "EXT 2023"]
[Source "ChessBase"]
[SourceDate "2022.10.05"]
[SourceVersion "1"]
[SourceVersionDate "2022.10.05"]
[SourceQuality "1"]

1. d4 Nf6 2. Nf3 g6 3. g3 Bg7 4. Bg2 c6 5. 0-0 0-0 6. Re1 d5 7. c3 Nbd7 8. Nbd2 e5 9. dxe5 Ne8 10. e4 dxe4 11. Nxe4 Qc7 12. Bf4 Qb6 13. b3 a5 14. Be3 Qa6 15. Nc5 Nxc5 16. Bxc5 Be6 17. Bxf8 Bxf8 18. c4 Bb4 19. Re3 Qb6 20. Qe2 Bc5 21. Rd3 a4 22. Ng5 Bf5 23. Be4 Ng7 24. Bxf5 Nxf5 25. Nf3 Qc7 26. Rad1 Re8 27. Rd7 Qc8 28. Kg2 axb3 29. axb3 Ng7 30. Qd2 Ne6 31. Rd3 Qb8 32. b4 Bb6 33. c5 Bc7 34. Qc3 h6 35. h4 Kg7 36. Rd7 Kh7 37. Rxf7+ Kg8 38. Rdd7 Rd8 39. Qc4 Re8 1-0

[Event "POL-ch disabled"]
[Site "Chotowa"]
[Date "2007.05.29"]
[Round "6.7"]
[White "Wojcieszyn, Zdzislaw"]
[Black "Prokopczuk, Antoni"]
[Result "1-0"]
[WhiteElo "2171"]
[BlackElo "1880"]
[PlyCount "65"]
[EventDate "2007.05.26"]
[EventType "swiss"]
[EventRounds "9"]
[EventCountry "POL"]
[SourceTitle "EXT 2023"]
[Source "ChessBase"]
[SourceDate "2022.10.05"]
[SourceVersion "1"]
[SourceVersionDate "2022.10.05"]
[SourceQuality "1"]

1. c4 c5 2. Nc3 Nf6 3. g3 g6 4. Bg2 Bg7 5. Nf3 Na6 6. d4 cxd4 7. Nxd4 0-0 8. 0-0 Nc7 9. Bf4 d6 10. Nc2 Rb8 11. Qd2 b6 12. Bh6 Bb7 13. Bxb7 Rxb7 14. Bxg7 Kxg7 15. f4 Qd7 16. Nd4 Qh3 17. Nf3 Ne6 18. e4 Nc5 19. Ng5 Qc8 20. Rae1 h6 21. Nf3 Rd7 22. b3 Qd8 23. b4 Na6 24. Nd5 Ng8 25. Qc3+ Kh7 26. f5 e5 27. fxe6 fxe6 28. Nf4 Qe8 29. e5 Nc7 30. exd6 Rxd6 31. Ne5 Ne7 32. Qc2 Rf6 33. h4 1-0

[Event "POL-ch disabled"]
[Site "Chotowa"]
[Date "2007.05.28"]
[Round "4.8"]
[White "Gigon, Stanislaw"]
[Black "Prokopczuk, Antoni"]
[Result "1-0"]
[WhiteElo "2014"]
[BlackElo "1880"]
[PlyCount "109"]
[EventDate "2007.05.26"]
[EventType "swiss"]
[EventRounds "9"]
[EventCountry "POL"]
[SourceTitle "EXT 2023"]
[Source "ChessBase"]
[SourceDate "2022.10.05"]
[SourceVersion "1"]
[SourceVersionDate "2022.10.05"]
[SourceQuality "1"]

1. e4 c5 2. Nc3 a6 3. f4 Nc6 4. Nf3 d6 5. d4 cxd4 6. Nxd4 Nf6 7. Be2 g6 8. Be3 Bg7 9. Qd2 0-0 10. h3 Qc7 11. g4 Nxd4 12. Bxd4 e5 13. Be3 Rd8 14. g5 exf4 15. Bxf4 Ne8 16. Nd5 Qb8 17. 0-0-0 Be6 18. Bc4 b5 19. Ne7+ Kf8 20. Bxe6 Kxe7 21. Bd5 Ra7 22. Rhe1 Be5 23. Rf1 Kf8 24. h4 Ng7 25. Bb3 Re7 26. Qd5 Bxf4+ 27. Rxf4 Qc7 28. e5 Qb7 29. exd6 Red7 30. Qxb7 Rxb7 31. Rf6 Ne8 32. Rf4 Rxd6 33. Rdf1 Rdd7 34. h5 Ng7 35. hxg6 hxg6 36. Rf6 Nf5 37. Rxa6 Rbc7 38. Ra8+ Ke7 39. Re1+ Kd6 40. Ra6+ Kc5 41. c3 Re7 42. Rd1 Rcd7 43. Rxd7 Rxd7 44. a4 Rb7 45. a5 Nd6 46. Bd1 Ne4 47. Bf3 Re7 48. Bxe4 Rxe4 49. Rf6 Re7 50. b4+ Kc4 51. Rc6+ Kb3 52. a6 Re2 53. a7 Rc2+ 54. Kd1 Ra2 55. Rc7 1-0

[Event "POL-ch disabled"]
[Site "Chotowa"]
[Date "2007.05.27"]
[Round "2.21"]
[White "Zarow, Elzbieta"]
[Black "Prokopczuk, Antoni"]
[Result "0-1"]
[WhiteElo "1509"]
[BlackElo "1880"]
[PlyCount "76"]
[EventDate "2007.05.26"]
[EventType "swiss"]
[EventRounds "9"]
[EventCountry "POL"]
[SourceTitle "EXT 2023"]
[Source "ChessBase"]
[SourceDate "2022.10.05"]
[SourceVersion "1"]
[SourceVersionDate "2022.10.05"]
[SourceQuality "1"]

1. e4 c5 2. Nf3 g6 3. Bc4 d6 4. 0-0 Bg7 5. d3 Nf6 6. Nc3 a6 7. a3 0-0 8. Re1 e5 9. Nd5 Nxd5 10. Bxd5 Nc6 11. Bg5 Qc7 12. Qd2 Ne7 13. Bh6 Nxd5 14. Bxg7 Kxg7 15. exd5 Bg4 16. Re3 Rac8 17. h3 Bxf3 18. Rxf3 c4 19. c3 Qc5 20. Rd1 Qxd5 21. Rg3 Rc6 22. h4 h5 23. Qg5 Qe6 24. Qxh5 Rh8 25. Qg5 Rh6 26. d4 Qf6 27. Qxf6+ Kxf6 28. Rf3+ Kg7 29. dxe5 dxe5 30. Rd7 Rxh4 31. Rdxf7+ Kh6 32. Rxb7 Rd6 33. g3 Rd1+ 34. Kg2 Rhh1 35. Rff7 Rhg1+ 36. Kf3 Kg5 37. Rfe7 Rge1 38. Red7 e4+ 0-1

[Event "Brandenburg Seniors op 15th"]
[Site "Rowy"]
[Date "2006.06.20"]
[Round "2"]
[White "Prokopczuk, Antoni"]
[Black "Olejarczyk, Bogdan"]
[Result "0-1"]
[WhiteElo "1798"]
[BlackElo "2243"]
[PlyCount "109"]
[EventDate "2006.06.19"]
[EventType "swiss"]
[EventRounds "9"]
[EventCountry "POL"]
[SourceTitle "EXT 2007"]
[Source "ChessBase"]
[SourceDate "2006.11.23"]
[SourceVersion "1"]
[SourceVersionDate "2006.11.23"]
[SourceQuality "1"]

1. e4 c5 2. Nf3 d6 3. d4 cxd4 4. Nxd4 Nf6 5. Bd3 e5 6. Nb3 Be7 7. 0-0 0-0 8. Be3 d5 9. exd5 e4 10. Bc4 a6 11. a4 Bg4 12. Qd2 Qc7 13. Be2 Bxe2 14. Qxe2 Nxd5 15. Bd4 f5 16. g3 Nd7 17. Rd1 N5f6 18. Nc3 Ne5 19. Nd2 Rac8 20. Be3 Bb4 21. Bd4 Rfd8 22. Bxe5 Qxe5 23. Nc4 Qc5 24. Rxd8+ Rxd8 25. Na2 Ba5 26. Nxa5 Qxa5 27. Nc3 Qb6 28. Rb1 Ng4 29. Rd1 Rd4 30. Kg2 h6 31. h3 Ne5 32. Rxd4 Qxd4 33. Qd1 Qxd1 34. Nxd1 Kf7 35. Kf1 g5 36. Ke2 Ke6 37. b3 Nf3 38. Ne3 Ng1+ 39. Kf1 Nxh3 40. Kg2 g4 41. a5 Ng5 42. c4 Nf3 43. b4 Nd4 44. Kf1 Ke5 45. Ke1 h5 46. Kd2 f4 47. gxf4+ Kxf4 48. Kc3 Nc6 49. b5 axb5 50. cxb5 Nxa5 51. Kb4 b6 52. Nd5+ Kf3 53. Nxb6 Nb7 54. Nd5 Kxf2 55. Nf6 0-1

[Event "Rowy Jantar op"]
[Site "Rowy"]
[Date "2005.06.29"]
[Round "9"]
[White "Prokopczuk, Antoni"]
[Black "Hoppensack, Manfred"]
[Result "0-1"]
[WhiteElo "1973"]
[BlackElo "2130"]
[PlyCount "96"]
[EventDate "2005.06.20"]
[EventType "swiss"]
[EventRounds "9"]
[EventCountry "POL"]
[SourceTitle "EXT 2007"]
[Source "ChessBase"]
[SourceDate "2006.11.23"]
[SourceVersion "1"]
[SourceVersionDate "2006.11.23"]
[SourceQuality "1"]

1. d4 e6 2. Nf3 Nf6 3. c4 Bb4+ 4. Bd2 Qe7 5. a3 Bxd2+ 6. Nbxd2 d5 7. c5 Nc6 8. b4 a6 9. e3 0-0 10. Bd3 e5 11. dxe5 Nxe5 12. Nxe5 Qxe5 13. Be2 Bf5 14. 0-0 c6 15. Nf3 Qe7 16. h3 Rfe8 17. Nd4 Bg6 18. Bf3 Nd7 19. Bh5 Ne5 20. Bxg6 hxg6 21. Nf3 Nxf3+ 22. Qxf3 Qe4 23. Qg3 Qe5 24. Qxe5 Rxe5 25. Rfd1 Re4 26. Rd3 a5 27. Rb1 axb4 28. axb4 Ra4 29. Rdb3 Rc4 30. Kf1 Kf8 31. R3b2 Ke7 32. Ke2 g5 33. g4 Kd7 34. Kf3 Kc7 35. Kg3 Kd7 36. Kf3 Ke6 37. Rb3 Ke5 38. Kg3 Ra2 39. R1b2 Rxb2 40. Rxb2 Ke4 41. Rb3 d4 42. f3+ Kd5 43. exd4 Rxd4 44. b5 Kxc5 45. bxc6 Kxc6 46. h4 gxh4+ 47. Kxh4 b5 48. Kg5 b4 0-1

[Event "Rowy Jantar op"]
[Site "Rowy"]
[Date "2005.06.26"]
[Round "6"]
[White "Soltau, Achim"]
[Black "Prokopczuk, Antoni"]
[Result "1-0"]
[WhiteElo "1888"]
[BlackElo "1973"]
[PlyCount "35"]
[EventDate "2005.06.20"]
[EventType "swiss"]
[EventRounds "9"]
[EventCountry "POL"]
[SourceTitle "EXT 2007"]
[Source "ChessBase"]
[SourceDate "2006.11.23"]
[SourceVersion "1"]
[SourceVersionDate "2006.11.23"]
[SourceQuality "1"]

1. Nf3 Nf6 2. c4 c5 3. e3 g6 4. d4 Bg7 5. Nc3 cxd4 6. exd4 0-0 7. d5 d6 8. Be2 Nbd7 9. 0-0 a6 10. Be3 Nc5 11. b4 Nce4 12. Nxe4 Nxe4 13. Bd4 Nc3 14. Qd3 Nxe2+ 15. Qxe2 Bg4 16. Bxg7 Bxf3 17. Qb2 Be2 18. Bxf8 1-0

[Event "Rowy Jantar op"]
[Site "Rowy"]
[Date "2005.06.20"]
[Round "1"]
[White "Prokopczuk, Antoni"]
[Black "Breitling, Winfried"]
[Result "0-1"]
[WhiteElo "1973"]
[BlackElo "1519"]
[PlyCount "90"]
[EventDate "2005.06.20"]
[EventType "swiss"]
[EventRounds "9"]
[EventCountry "POL"]
[SourceTitle "EXT 2007"]
[Source "ChessBase"]
[SourceDate "2006.11.23"]
[SourceVersion "1"]
[SourceVersionDate "2006.11.23"]
[SourceQuality "1"]

1. d4 d5 2. Nf3 Nf6 3. Nbd2 Bf5 4. e3 Nbd7 5. c4 e6 6. a3 c5 7. Be2 Bd6 8. cxd5 exd5 9. dxc5 Nxc5 10. 0-0 0-0 11. b4 Nce4 12. Bb2 Rc8 13. Rc1 Qe7 14. Nb3 Rxc1 15. Nxc1 Rc8 16. Qb3 h6 17. h3 Qc7 18. Bd3 Be6 19. Bd4 b6 20. Na2 Qd7 21. Rc1 Rxc1+ 22. Nxc1 Bxh3 23. Qb2 Qg4 24. Bf1 Qh5 25. Ne5 Be6 26. Ne2 Ng4 27. Nxg4 Bxg4 28. Nf4 Bxf4 29. exf4 Qg6 30. Bd3 Bf3 31. Bf1 Bg4 32. Qa2 Be6 33. Qc2 Qf5 34. g3 Nxg3 35. Bd3 Ne4 36. f3 Qg6+ 37. Qg2 Qxg2+ 38. Kxg2 Nd6 39. Be5 Nc4 40. a4 a6 41. Bd4 b5 42. axb5 axb5 43. f5 Bd7 44. Kg3 f6 45. Kf2 Ne5 0-1

[Event "Brandenburg Seniors op 13th"]
[Site "Rowy"]
[Date "2004.06.30"]
[Round "9"]
[White "Fleiszerowicz, Leopold"]
[Black "Prokopczuk, Antoni"]
[Result "0-1"]
[WhiteElo "1092"]
[BlackElo "2001"]
[PlyCount "102"]
[EventDate "2004.06.21"]
[EventType "swiss"]
[EventRounds "9"]
[EventCountry "POL"]
[SourceTitle "EXT 2006"]
[Source "ChessBase"]
[SourceDate "2005.11.24"]
[SourceVersion "1"]
[SourceVersionDate "2005.11.24"]
[SourceQuality "1"]

1. Nf3 Nf6 2. g3 b6 3. Bg2 Bb7 4. 0-0 e6 5. c4 c5 6. d3 Be7 7. Nc3 0-0 8. e4 d6 9. Qe2 Nfd7 10. Bd2 h6 11. a4 Nc6 12. Rab1 Rc8 13. Be3 Bf6 14. Qd2 Nd4 15. Nb5 Nxf3+ 16. Bxf3 Ne5 17. Be2 a6 18. Nc3 Qd7 19. b3 Nc6 20. Bf3 Ne5 21. Be2 Rfd8 22. f4 Nc6 23. f5 exf5 24. Rxf5 Nd4 25. Bxd4 Bxd4+ 26. Kg2 g6 27. Rf3 Rf8 28. Nd5 Bxd5 29. cxd5 Kg7 30. Rbf1 b5 31. axb5 Qxb5 32. Qc2 Rb8 33. Rb1 a5 34. Qc4 Qb6 35. Rff1 Qb4 36. Qxb4 Rxb4 37. Bd1 a4 38. Re1 Rfb8 39. Re2 axb3 40. Bxb3 Rxb3 41. Rxb3 Rxb3 42. Rd2 Rb2 43. Rxb2 Bxb2 44. Kf3 Kf6 45. h3 Ke5 46. Ke2 f5 47. Kf3 Kd4 48. g4 fxe4+ 49. dxe4 g5 50. Kg3 Kxe4 51. h4 c4 0-1

[Event "Brandenburg Seniors op 13th"]
[Site "Rowy"]
[Date "2004.06.23"]
[Round "3"]
[White "Poulheim, Karl Friedrich"]
[Black "Prokopczuk, Antoni"]
[Result "1-0"]
[WhiteElo "1934"]
[BlackElo "2001"]
[PlyCount "41"]
[EventDate "2004.06.21"]
[EventType "swiss"]
[EventRounds "9"]
[EventCountry "POL"]
[SourceTitle "EXT 2006"]
[Source "ChessBase"]
[SourceDate "2005.11.24"]
[SourceVersion "1"]
[SourceVersionDate "2005.11.24"]
[SourceQuality "1"]

1. e4 c5 2. d4 cxd4 3. c3 dxc3 4. Nxc3 g6 5. Nf3 Bg7 6. Bc4 a6 7. 0-0 e6 8. e5 Nc6 9. Bf4 Nge7 10. a4 0-0 11. Qd2 f6 12. Rfe1 fxe5 13. Nxe5 Nxe5 14. Bxe5 Bxe5 15. Rxe5 Qc7 16. Qe2 b6 17. Rd1 Bb7 18. Rxd7 Qc6 19. Rxb7 Qxb7 20. Rxe6 Kh8 21. Qe5+ 1-0

[Event "Rowy Seniors op 7th"]
[Site "Rowy"]
[Date "2003.09.05"]
[Round "6"]
[White "Prokopczuk, Antoni"]
[Black "Dembowski, Andrzej"]
[Result "1-0"]
[WhiteElo "2000"]
[BlackElo "2011"]
[PlyCount "90"]
[EventDate "2003.08.??"]
[EventType "swiss"]
[EventRounds "9"]
[EventCountry "POL"]
[SourceTitle "EXT 2006"]
[Source "ChessBase"]
[SourceDate "2005.11.24"]
[SourceVersion "1"]
[SourceVersionDate "2005.11.24"]
[SourceQuality "1"]

1. g3 Nf6 2. Nf3 d6 3. d4 g6 4. Bg2 Bg7 5. 0-0 0-0 6. Na3 c6 7. c4 Qc7 8. Nc2 e5 9. h3 Re8 10. Ng5 e4 11. h4 h6 12. Nh3 Be6 13. Ne3 Bc8 14. Rb1 a5 15. b3 Qe7 16. d5 c5 17. Bb2 Nbd7 18. Qc2 Ne5 19. Nd1 b6 20. Bc1 Kh7 21. f4 exf3 22. exf3 Bf5 23. Qb2 Bxb1 24. Qxb1 Kg8 25. Ndf2 h5 26. Bg5 Qc7 27. f4 Neg4 28. f5 Nxf2 29. Nxf2 Kh7 30. fxg6+ fxg6 31. Nh3 Qe7 32. Kh1 Qe5 33. Bf4 Qe7 34. Ng5+ Kg8 35. Qxg6 Rf8 36. Ne6 Qf7 37. Nxf8 Qxf8 38. Bg5 Qe8 39. Qf5 Nh7 40. Be4 Nf8 41. Bf3 Ra7 42. Bf4 Re7 43. Bxh5 Qd7 44. Qxd7 Rxd7 45. Bg5 Rd8 1-0

[Event "Rowy Seniors op 7th"]
[Site "Rowy"]
[Date "2003.09.03"]
[Round "4"]
[White "Prokopczuk, Antoni"]
[Black "Szczepaniec, Stanislaw"]
[Result "1-0"]
[WhiteElo "2000"]
[BlackElo "2085"]
[PlyCount "79"]
[EventDate "2003.08.??"]
[EventType "swiss"]
[EventRounds "9"]
[EventCountry "POL"]
[SourceTitle "EXT 2006"]
[Source "ChessBase"]
[SourceDate "2005.11.24"]
[SourceVersion "1"]
[SourceVersionDate "2005.11.24"]
[SourceQuality "1"]

1. d4 Nf6 2. Nf3 g6 3. c4 Bg7 4. Nc3 0-0 5. Bf4 d6 6. h3 Nbd7 7. e3 c6 8. Bd3 Re8 9. Bh2 e5 10. dxe5 dxe5 11. Be2 e4 12. Nd4 Qa5 13. 0-0 Ne5 14. Qc2 Qb6 15. Rab1 c5 16. Nb3 h5 17. Na4 Qc6 18. Nd2 Bf5 19. Nc3 Rad8 20. Rfd1 Nf3+ 21. Kh1 Nxh2 22. Kxh2 g5 23. Nf1 h4 24. Rxd8 Rxd8 25. Rd1 Rxd1 26. Bxd1 g4 27. hxg4 Bxg4 28. Kg1 Bf5 29. Qd2 Qd7 30. b3 Kf8 31. Qxd7 Nxd7 32. Nb5 a5 33. Bc2 Ke7 34. Nd2 Ke6 35. Bxe4 Bxe4 36. Nxe4 f5 37. Ng5+ Ke5 38. f4+ Kf6 39. Nf3 Ke6 40. Nxh4 1-0